000 01208nam a2200301 i 4500
001 181305
003 ES-MaACL
005 20250916231933.0
008 121207s2011 sp | |||||||| | spa d
020 _a978-84-8352-457-2
080 _a330.342.14
080 _a165.742
080 _a323.2
100 1 _aGarcía-Rosales, Cristina.
_955226
245 1 0 _aPalabras para indignados :
_bhacia una nueva revolución humanista /
_cCristina García-Rosales, Manuel Penella Heller.
260 _aMadrid :
_bMandala,
_c[2011]
300 _a137 p. ;
_c21 cm.
505 8 _aIncluye: Declaración de los derechos del niño, p. 131-134 . Declaración universal de los derechos humanos, p. 123-130
650 4 _aCapitalismo.
_910760
650 4 _aHumanismo (Filosofía)
_913505
650 4 _aMovimientos sociales.
_915226
700 1 _aPenella, Manuel,
_d1951-
_990166
710 2 _aNaciones Unidas.
_bAsamblea General.
_tDeclaración universal de los derechos humanos.
_95958
710 2 _aNaciones Unidas.
_bAsamblea General.
_tDeclaración de los derechos del niño.
_9151928
852 4 _aES-MaACL
_jA-12357
_9188189
_bR.148596
_cDEPO1
_dOlim: N-5362
942 _2udc
_cMONOGRAFIA
999 _c181305
_d181305